000 00289nam a22001457a 4500
003 SGT
082 _a346,KUM
100 _aKUMAR,H.L.
245 _aLEGAL DRAFTING
250 _a2ND
260 _aNEW DELHI
_bUNIVERSAL BOOKS
_c2014
300 _a446
650 _aLAW
942 _2ddc
_cBK
_011
999 _c9773
_d9773